000
00220 a2200097 4500
001
46734
100
_a
Whitehouse
245
_a
Fighters in the sky
260
_a
New York
_b
Duell sloan & fearce
_c
090
_c
29828
_d
29828
942
_a
NUST-CAE
_c
M
_c
22033
999
_c
281807
_d
281807